|
|
|
|
| LEADER |
01042nam a2200241 a 4500 |
| 001 |
2956879 |
| 008 |
091206s1990 bg a b 000 0 eng d |
| 010 |
|
|
|a \\\90908417
|
| 040 |
|
|
|a DLC
|c DLC
|d DLC
|
| 082 |
0 |
0 |
|a 330.9/549/205
|2 20
|
| 245 |
1 |
0 |
|a Growth problems of a developing economy /
|c edited by Iftekhar Uddin Ahmed.
|
| 250 |
|
|
|a 1st ed.
|
| 260 |
|
|
|a Dhaka :
|b Ruprekha Publishers,
|c 1990.
|
| 300 |
|
|
|a iv, 117 p. :
|b ill. ;
|c 23 cm.
|
| 500 |
|
|
|a With special reference to Bangladesh.
|
| 504 |
|
|
|a Includes bibliographical references.
|
| 541 |
1 |
|
|e 00004791
|
| 651 |
|
0 |
|a Bangladesh
|x Economic conditions.
|
| 700 |
1 |
|
|a Ahmed, Iftekhar Uddin,
|d 1955-
|
| 852 |
4 |
|
|a Ayesha Abed Library
|j General shelf
|
| 999 |
|
|
|c 5999
|d 5999
|
| 952 |
|
|
|0 0
|1 0
|2 ddc
|4 0
|6 330_954920500000000_GRO_1990
|7 0
|9 5985
|a BRACUL
|b BRACUL
|c GEN
|d 2009-12-07
|g 50.00
|l 0
|o 330.9549205 GRO
|p 3010004791
|r 2009-12-07
|t 1
|w 2009-12-07
|y BK
|
| 952 |
|
|
|0 0
|1 0
|2 ddc
|4 0
|6 330_954920500000000_GRO
|7 0
|9 55544
|a SCL
|b SCL
|c GEN
|d 2015-08-26
|g 50.00
|l 0
|o 330.9549205 GRO
|p 3020000886
|r 2015-08-26
|t 2
|w 2015-08-26
|y BK
|